000 01124nam a2200265Ia 4500
003 OSt
005 20220923211212.0
006 a|||||r|||| 00| 0
007 ta
008 220922b |||||||| |||| 00| 0 hin d
020 _a9788125031888 (pbk)
_c275
024 _a263,339
037 _b148, 01/09/2012, Eastern Book Linkers
_cTextual
040 _aARTS
_cARTS
_bhin
041 _2hin
_ahin
082 _aV2.N7, 152P9
100 _aबंद्योपाध्याय, शेखर; नरेश, 'नदीम'
_9159554
245 0 _aपलासी से विभाजन तक
_b आधुनिक भारत का इतिहास
246 _aPalāsī se vibhājan taka: ādhunik bhārat kā itihāsa
260 _aनई दिल्ली
_b ओरियंट ब्लैकस्वॉन
_c2009
300 _a566पृ.
_ccm.
650 _aविश्व-इतिहास
_9159555
942 _hV2.N7, 152P9
_cTEXL
_2CC
999 _c296769
_d296769